|
|
|
|
| LEADER |
00000nam0a2200000 4500 |
| 001 |
226095 |
| 005 |
20231101230716.0 |
| 010 |
|
|
|a 9785876934901
|
| 035 |
|
|
|a (RuTPU)RU\TPU\book\246461
|
| 090 |
|
|
|a 226095
|
| 100 |
|
|
|a 20121119d2011 k y0rusy50 ca
|
| 101 |
0 |
|
|a rus
|
| 102 |
|
|
|a RU
|
| 105 |
|
|
|a a z 001zy
|
| 200 |
1 |
|
|a Особенности ведения кадастра на современном этапе
|e монография
|f В. Н. Клюшниченко
|g Сибирская государственная геодезическая академия (СГГА)
|
| 210 |
|
|
|a Новосибирск
|c Изд-во СГГА
|d 2011
|
| 215 |
|
|
|a 138 с.
|c ил.
|
| 320 |
|
|
|a Библиогр.: с. 130-138.
|
| 330 |
|
|
|a Монография подготовлена в соответствии с действующим законодательством в сфере ведения кадастра и кадастровой деятельности. В работе отражены имеющие место особенности, касающиеся ведения кадастра на современном этапе, затрудняющие формирование единой надежной и законода тельно регламентированной системы информационного обслуживания населения. Предложены возможные пути решения имеющих место важных проблем в процессе подготовки материалов кадастра. Монография предназначена для специалистов, осуществляющих кадастровую деятельность, а также деятельность в сфере ведения кадастра и государственной регистрации прав на недвижимое имущество и сделок с ним.
|
| 606 |
1 |
|
|a Кадастровая деятельность
|2 stltpush
|3 (RuTPU)RU\TPU\subj\71955
|9 85613
|
| 610 |
1 |
|
|a кадастры
|
| 610 |
1 |
|
|a кадастровое ведомство
|
| 610 |
1 |
|
|a недвижимость
|
| 610 |
1 |
|
|a недвижимое имущество
|
| 610 |
1 |
|
|a государственный кадастровый учет
|
| 610 |
1 |
|
|a налогообложение
|
| 610 |
1 |
|
|a право
|
| 675 |
|
|
|a 528.48
|v 3
|
| 700 |
|
1 |
|a Клюшниченко
|b В. Н.
|g Виктор Николаевич
|
| 712 |
0 |
2 |
|a Сибирская государственная геодезическая академия (СГГА)
|c (1994- )
|c (Новосибирск)
|2 stltpush
|3 (RuTPU)RU\TPU\col\91
|
| 801 |
|
1 |
|a RU
|b 63413507
|c 20121119
|
| 801 |
|
2 |
|a RU
|b 63413507
|c 20150512
|g RCR
|
| 942 |
|
|
|c BK
|